| 000 | nam a22 a 4500 | ||
|---|---|---|---|
| 999 |
_c11879 _d11879 |
||
| 003 | BLK | ||
| 005 | 20230406030458.0 | ||
| 008 | 180412b bul|||||r ||||||| ||bul|| | ||
| 010 | _aKNG00013450000 | ||
| 020 | _a954-8164-05-1 | ||
| 040 | _aBLK | ||
| 041 |
_aBUL _cBUL |
||
| 080 |
_aБългарска литература _b821.163.2 _x.09(07) _z821.163.2.09(07) |
||
| 139 |
_aИнтерпретации на класически текстове от българската литература _bИ 72 |
||
| 245 | 1 | 0 |
_aИнтерпретации на класически текстове от българската литература _bВ помощ на учители и ученици : Ч. 1 - _cавт. на том Румяна Йовева. _nЧ. 1 |
| 257 | _aBGR | ||
| 260 |
_aШумен _bГЛАУКС _c1992 - _fРусе : Дунав прес _9210012 _n954-8164-05-1 |
||
| 300 |
_c20 см _a 97 с. |
||
| 380 | _a82 | ||
| 490 |
_aНова литературна библиотека _9201162 |
||
| 650 | 4 |
_aБългарска литература _9243597 |
|
| 653 | _aбългарска литература | ||
| 700 | 1 |
_aЙовева, Румяна _eавт. на том _gНикова, Румяна Йовева _9256980 |
|
| 760 | 1 |
_dГлаукс, 1992 _h97 с. _tЧ. 1 |
|
| 852 |
_aЦб 170924 _bЦб |
||
| 856 | 4 |
_qpdf _u _i0.00 _ldisable |
|
| 856 | 4 |
_qpdf _u _i0.00 _ldisable |
|
| 942 |
_cKNG _n0 _s1 |
||
| 944 |
_aCR _c15.01.2003 _kЛюдмила_Стоянова |
||
| 944 |
_aED _c06.03.2006 |
||
| 999 | _d11879 | ||